| 000 | 01984nam0a2200409 4500 | ||
|---|---|---|---|
| 001 | RU\NLR\BIBL_A\022635129 | ||
| 005 | 20260204144325.0 | ||
| 010 |
_a978-5-04-207667-1 _92000 |
||
| 021 |
_aRU _bКН-П-25-049625 _9КН-П-25-4797 |
||
| 035 | _a(NLR Aleph) 022635129 | ||
| 090 |
_a13543557 _c13543557 |
||
| 100 | _a20251002d2025 u y0rusy50 ca | ||
| 101 | 0 | _arus | |
| 102 | _aRU | ||
| 105 | _ay z 000zy | ||
| 181 | 0 |
_ai _bxxxe |
|
| 182 | 0 | _an | |
| 200 | 1 |
_aВсё получится! _eосознанное материнство в первые годы жизни _eкнига-поддержка _fЕкатерина Семеник |
|
| 203 |
_aТекст _bвизуальный _cнепосредственный |
||
| 210 |
_aМосква _cЭксмо, Бомбора _d2025 |
||
| 215 |
_a284, [1] c. _d22 |
||
| 225 | 1 | _aМатеринство. Сила в любви! | |
| 300 | _aВ аннот. загл.: "Все получится! Осознанное материнство" | ||
| 300 | _aВ аннот. авт.: Е. Семеник – многодет. мама и психолог | ||
| 320 | _aБиблиогр. в конце кн. | ||
| 327 | 1 | _aВ доп.: Что делает мужчину отцом / Дмитрий Семеник | |
| 333 | _a16+ | ||
| 464 | 0 |
_12001#$aЧто делает мужчину отцом$fДмитрий Семеник _1700#1$aСеменик$bД.$gДмитрий |
|
| 517 | 1 | _aВсе получится! Осознанное материнство | |
| 517 | 1 | _aОсознанное материнство в первые годы жизни | |
| 606 | 1 |
_aМатеринство _xСоциально-психологические исследования _2nlr_sh1 _2nlr_sh2 _3RU\NLR\AUTH\661276879 |
|
| 686 | 1 | _aС550.535 | |
| 700 | 1 |
_aСеменик _bЕ. А. _gЕкатерина Андреевна |
|
| 942 | _cBOOK | ||
| 980 | _aNB | ||